000 00459nam a2200145Ia 4500
999 _c27060
_d27060
082 _aRS.0808
100 _aSaha, Birbal
245 0 _aPerception of total quality management in secondary education by school teachers and students /
_cBirbal Saha
260 _aNew Delhi :
_bIndian Council of Social Science Research,
_c2017
300 _a126p
650 _aEducation
650 _aSecondary Education
650 _aTotal Quality Mnagement
942 _2ddc
_cRP